| 000 | 01178nam a2200313 i 4500 | ||
|---|---|---|---|
| 001 | 91850 | ||
| 003 | ES-MaACL | ||
| 005 | 20260303141309.0 | ||
| 007 | t| | ||
| 008 | 050223s2004 sp |||| | spa d | ||
| 020 | _a84-7822-409-2 | ||
| 080 | _a929 Bernat Baldoví, José | ||
| 080 | _a050(460)"18" | ||
| 080 | _a94(460)"1843/68" | ||
| 100 | 1 |
_aBordería Ortiz, Enrique. _930395 |
|
| 245 | 1 | 0 |
_aPolítica, cultura y sátira en la España isabelina _b: Bernat y Baldoví / _cEnrique Bordería Ortiz, Francesc Andreu Martínez Gallego, Inmaculada Rius Sanchis. |
| 260 |
_a[Valencia] : _bInstitució Alfons el Magnáanim, _c2004. |
||
| 300 |
_a411 p. ; _c21 cm. |
||
| 490 | 1 |
_aEstudis universitaris ; _v93 |
|
| 600 | 1 | 4 |
_aBernat Baldoví, José. _928300 |
| 650 | 1 | 4 |
_aPublicaciones periódicas- _zEspaña- _yS.XIX. _916603 |
| 651 | 4 |
_aEspaña- _xHistoria- _z1843-1868, Isabel II _98256 |
|
| 700 | 1 |
_aMartínez Gallego, Francesc Andreu. _978098 |
|
| 700 | 1 |
_aRius Sanchis, Inmaculada. _997519 |
|
| 710 | 2 |
_aInstitució Alfons el Magnànim _9173001 |
|
| 830 | 0 |
_aEstudis universitaris ; _v93 _9184220 |
|
| 852 |
_aES-MaACL _jL-28889 |
||
| 999 |
_c91850 _d91850 |
||